Расчет тележки для подачи паровозов в стойла; Инженер; Т. 31, № 12. - С. 357-362 ; 1913. - № 1. - С. 19-22 ; № 2. - С. 57-63 ; № 3

Bibliographische Detailangaben
Parent link:Инженер: ежемесячный технический журнал/ Киевское отделение Императорского Русского Технического Общества.— , 1883-1917
Т. 31, № 12. - С. 357-362 ; 1913. - № 1. - С. 19-22 ; № 2. - С. 57-63 ; № 3.— 1912.— С. 74-79
1. Verfasser: Тихонов Т. И.
Sprache:Russisch
Veröffentlicht: 1912
Schlagworte:
Format: MixedMaterials Buchkapitel
KOHA link:https://koha.lib.tpu.ru/cgi-bin/koha/opac-detail.pl?biblionumber=462978

MARC

LEADER 00000naa2a2200000 4500
001 462978
005 20241227161626.0
035 |a (RuTPU)RU\TPU\prd\127119 
035 |a RU\TPU\tpu\7328 
090 |a 462978 
100 |a 20111213d1912 k||y0rusy50 ca 
101 0 |a rus 
102 |a RU 
200 1 |a Расчет тележки для подачи паровозов в стойла  |f Т. И. Тихонов 
461 |0 (RuTPU)RU\TPU\prd\917  |t Инженер  |o ежемесячный технический журнал  |f Киевское отделение Императорского Русского Технического Общества  |d 1883-1917 
463 |0 (RuTPU)RU\TPU\prd\1996  |t Т. 31, № 12. - С. 357-362 ; 1913. - № 1. - С. 19-22 ; № 2. - С. 57-63 ; № 3  |v С. 74-79  |d 1912 
610 1 |a транспорт 
610 1 |a труды учёных ТПУ 
610 1 |a транспортное машиностроение 
700 1 |a Тихонов  |b Т. И. 
801 0 |a RU  |b 63413507  |c 20011210  |g PSBO 
801 2 |a RU  |b 63413507  |c 20111213  |g PSBO 
942 |c CR